Comparación de parámetros fotométricos y eléctricos para iluminación residencial
Gorde:
| Egile nagusia: | |
|---|---|
| Beste egile batzuk: | |
| Formatua: | Liburua |
| Argitaratua: |
[San José, Costa Rica]
2005
|
| Gaiak: | |
| Etiketak: |
Etiketa erantsi
Etiketarik gabe, Izan zaitez lehena erregistro honi etiketa jartzen!
|
MARC
| LEADER | 00000nam a2200000Ia 4500 | ||
|---|---|---|---|
| 003 | 009591 | ||
| 005 | 20240213114524.0 | ||
| 008 | 140114s2005 cr a m 000 ||s d | ||
| 040 | |c cru CEDI | ||
| 090 | |a TFG 5132 | ||
| 100 | |a Villalta Maietta, Heyleen |9 3775 | ||
| 245 | |a Comparación de parámetros fotométricos y eléctricos para iluminación residencial | ||
| 260 | |a [San José, Costa Rica] |c 2005 | ||
| 300 | |a x, 60 [133] hojas : ilustraciones (algunas a color) | ||
| 500 | |a Proyecto de graduación (bachillerato en ingeniería eléctrica)--Universidad de Costa Rica. Facultad de Ingeniería. Escuela de Ingeniería Eléctrica | ||
| 501 | |a Profesor Guía de Proyecto Eléctrico: Ing. M. Sc. Emilio Alpízar Villegas | ||
| 650 | |x ALUMBRADO ELECTRICO |x FOTOMETRIA |9 5876 | ||
| 700 | |a Alpízar Villegas, Emilio, 1951- |d Director del Proyecto Eléctrico |9 2198 | ||
| 942 | |c TFG |h TFG 5132 |i 009591 |6 TFG_5132_009591000000000 | ||
| 999 | |c 17291 |d 17291 | ||
